ბათუმის შოთა რუსთაველის სახელმწიფო უნივერსიტეტის ბიბლიოთეკა

მეცხვარეობა (ბიბ.ჩანაწერი № 44900)

000 -LEADER
fixed length control field 00949nam a2200229Ia 4500
001 - CONTROL NUMBER
control field 11719
003 - CONTROL NUMBER IDENTIFIER
control field GE_BSU
008 - FIXED-LENGTH DATA ELEMENTS--GENERAL INFORMATION
fixed length control field 181216s||||||||xx |||||||||||||| ||und||
040 ## - CATALOGING SOURCE
Transcribing agency GE_BSU
080 ## - UNIVERSAL DECIMAL CLASSIFICATION NUMBER
Universal Decimal Classification number 636.32/33(075.32)
100 ## - MAIN ENTRY--PERSONAL NAME
Personal name მოსაშვილი,ი.
245 ## - TITLE STATEMENT
Title მეცხვარეობა
245 ## - TITLE STATEMENT
Remainder of title სახელმძღვ.სოფლის მეურნეობის მე-2 თანრიგის ოსტატთა მოსამზადებლად.
245 ## - TITLE STATEMENT
Statement of responsibility, etc. რედ:დ.აგლაძე.
260 ## - PUBLICATION, DISTRIBUTION, ETC.
Place of publication, distribution, etc. თბილისი
260 ## - PUBLICATION, DISTRIBUTION, ETC.
Name of publisher, distributor, etc. სახელგამი
260 ## - PUBLICATION, DISTRIBUTION, ETC.
Date of publication, distribution, etc. 1953
300 ## - PHYSICAL DESCRIPTION
Extent 280გვ;23სმ.
300 ## - PHYSICAL DESCRIPTION
Other physical details ილ.
653 ## - INDEX TERM--UNCONTROLLED
Uncontrolled term მეცხვარეობა.სახელმძღვ.სოფლის მეურნეობის მე-2 თანრიგის ოსტატთა მოსამზადებლად.
942 ## - ADDED ENTRY ELEMENTS (KOHA)
Koha item type წიგნი
ეგზემპლარები
Withdrawn status Lost status Damaged status Not for loan Date acquired Barcode Date last seen Price effective from Koha item type
        2018-12-17 20344 2018-12-17 2018-12-17 წიგნი
        2018-12-17 20345 2018-12-17 2018-12-17 წიგნი